|
|
|
|
| LEADER |
00000nam a2200000 a 4500 |
| 001 |
vtls001348718 |
| 003 |
SK-MaSNL |
| 005 |
20260301010258.0 |
| 008 |
130606s1998 xo 0 slo |
| 015 |
|
|
|a SNBS1999/03-01369
|
| 035 |
|
|
|a SNK000302006
|
| 040 |
|
|
|a SNK
|b slo
|c SNK
|e AACR2
|
| 044 |
|
|
|a xo
|c SK
|
| 080 |
|
|
|a 662.76(086.7)
|2 1981
|
| 245 |
1 |
|
|a Modrý plameň
|h elektronický zdroj
|b vnútropodnikový časopis SPP
|n č. 6-7/98, časť 1.
|
| 256 |
|
|
|a Elektronický optický zdroj
|
| 260 |
|
|
|a Bratislava
|b Slovenský plynárenský priemysel
|c 1998
|
| 300 |
|
|
|a 1 CD ROM
|
| 500 |
|
|
|a Elektronické časopisy
|
| 650 |
0 |
7 |
|a plynárenstvo
|x priemysel plynárenský
|x časopisy elektronické
|2 SNK
|9 291850
|
| 650 |
0 |
7 |
|a priemysel plynárenský
|x časopisy elektronické
|2 SNK
|9 291851
|
| 655 |
|
7 |
|a elektronické časopisy
|2 SNK
|9 70705
|
| 999 |
|
|
|c 547652
|d 549582
|
| 952 |
|
|
|t P60, <03>, [BOOK], {603}
|a SNK
|b SNK
|y PREZ
|7 0
|p 17A0168468
|o snkSCDM 31/98/6-7/I.
|i snkJK 471/98
|0 0
|1 0
|4 0
|d 1998-11-17
|l 0
|r 2005-01-02 00:00:00
|w 2026-02-23
|